000 00582nam a2200229Ia 4500
005 20251020182508.0
008 200515s9999 xx 000 0 und d
082 _a634.0.8(04)/Y93
100 _aYoshio Nakamura, Sergio
245 0 _aProjeto de Habitaçäo pré-fabricada em madeira
260 _aAcre
260 _bFundçäo de Tecnologia do Estado do Acre
260 _c1988
300 _ap. irregular
300 _bil., tbl., graf.
500 _a1 ejemplar
650 _aMADERA
650 _aPREFABRICADOS
650 _aVIVIENDAS
942 _cLIB
999 _c1355
_d1355